Normal view
MARC view
- Subrahmanyam N.; Lal B. & Avadhanulu M.N
Entry Corporate Name
001 - CONTROL NUMBER
- control field: 173158
003 - CONTROL NUMBER IDENTIFIER
- control field: OSt
005 - DATE AND TIME OF LATEST TRANSACTION
- control field: 20230313130827.0
008 - FIXED-LENGTH DATA ELEMENTS
- fixed length control field: 230313|| aca||aabn | a|a d
040 ## - CATALOGING SOURCE
- Original cataloging agency: OSt
- Transcribing agency: OSt
110 ## - HEADING--CORPORATE NAME
- Corporate name or jurisdiction name as entry element: Subrahmanyam N.; Lal B. & Avadhanulu M.N
670 ## - SOURCE DATA FOUND
- Source citation: Work cat.: (OSt)133006: Subrahmanyam N. 158730, Textbook Of Optics, 2009